Women political leadership in India: some important dimensions (Record no. 141749)

MARC details
000 -LEADER
fixed length control field 00792nam a2200325Ia 4500
008 - FIXED-LENGTH DATA ELEMENTS--GENERAL INFORMATION
fixed length control field 210210b2010 xxu||||| |||| 00| 0 eng d
020 ## - INTERNATIONAL STANDARD BOOK NUMBER
International Standard Book Number 9788183873543
041 ## - LANGUAGE CODE
Language code of text/sound track or separate title eng
082 ## - DEWEY DECIMAL CLASSIFICATION NUMBER
Classification number 324.22 KUMW
100 ## - MAIN ENTRY--PERSONAL NAME
Personal name KUMARI (Archana)
245 ## - TITLE STATEMENT
Title Women political leadership in India: some important dimensions
260 ## - PUBLICATION, DISTRIBUTION, ETC.
Place of publication, distribution, etc. New Delhi
Name of publisher, distributor, etc. Serials Publications
Date of publication, distribution, etc. 2010
300 ## - PHYSICAL DESCRIPTION
Extent xx,427
650 ## - SUBJECT ADDED ENTRY--TOPICAL TERM
Topical term or geographic name entry element Women
650 ## - SUBJECT ADDED ENTRY--TOPICAL TERM
Topical term or geographic name entry element some
650 ## - SUBJECT ADDED ENTRY--TOPICAL TERM
Topical term or geographic name entry element SHG
650 ## - SUBJECT ADDED ENTRY--TOPICAL TERM
Topical term or geographic name entry element political
650 ## - SUBJECT ADDED ENTRY--TOPICAL TERM
Topical term or geographic name entry element leadership
650 ## - SUBJECT ADDED ENTRY--TOPICAL TERM
Topical term or geographic name entry element India:
650 ## - SUBJECT ADDED ENTRY--TOPICAL TERM
Topical term or geographic name entry element in
650 ## - SUBJECT ADDED ENTRY--TOPICAL TERM
Topical term or geographic name entry element important
650 ## - SUBJECT ADDED ENTRY--TOPICAL TERM
Topical term or geographic name entry element Gender Justice
650 ## - SUBJECT ADDED ENTRY--TOPICAL TERM
Topical term or geographic name entry element Gender Equity
650 ## - SUBJECT ADDED ENTRY--TOPICAL TERM
Topical term or geographic name entry element Empowerment
650 ## - SUBJECT ADDED ENTRY--TOPICAL TERM
Topical term or geographic name entry element dimensions
650 ## - SUBJECT ADDED ENTRY--TOPICAL TERM
Topical term or geographic name entry element 73rd Amendment
690 ## - LOCAL SUBJECT ADDED ENTRY--TOPICAL TERM (OCLC, RLIN)
Topical term or geographic name as entry element Political Process
700 ## - ADDED ENTRY--PERSONAL NAME
Personal name VERMA (R K)
906 ## - LOCAL DATA ELEMENT F, LDF (RLIN)
a 064909
Holdings
Withdrawn status Lost status Damaged status Not for loan Collection code Home library Current library Shelving location Date acquired Source of acquisition Cost, normal purchase price Total Checkouts Full call number Barcode Date last seen Date last checked out Price effective from Koha item type
          St Aloysius Library St Aloysius Library   02/17/2021 Prajwal Book Distributors, Bangalore-560061 1295.00 2 324.22 KUMW 064909 04/11/2026 07/09/2025 02/17/2021 Book